[Event "Team Championship Russia (Blitz, Men)"]
[Site "Sochi"]
[Date "2018.10.10"]
[Round "11.15"]
[White "Usmanov, Vasily"]
[Black "Moiseenko, Vadim"]
[Result "1/2-1/2"]
[BlackElo "2421"]
[WhiteElo "2446"]
[LiveChessVersion "1.4.8"]

1. Nf3 {[%clk 0:03:03]} b6 {[%clk 0:03:04]} 2. c4 {[%clk 0:02:57]} Bb7
{[%clk 0:03:04]} 3. d4 {[%clk 0:02:43]} e6 {[%clk 0:03:04]} 4. Bg5
{[%clk 0:02:41]} Be7 {[%clk 0:03:00]} 5. Bxe7 {[%clk 0:02:40]} Qxe7
{[%clk 0:03:01]} 6. e3 {[%clk 0:02:38]} Nf6 {[%clk 0:02:49]} 7. Nc3
{[%clk 0:02:39]} Ne4 {[%clk 0:02:50]} 8. Nxe4 {[%clk 0:02:28]} Bxe4
{[%clk 0:02:50]} 9. Bd3 {[%clk 0:02:29]} Qb4+ {[%clk 0:02:40]} 10. Qd2
{[%clk 0:02:30]} Qxd2+ {[%clk 0:02:38]} 11. Kxd2 {[%clk 0:02:31]} Bxf3
{[%clk 0:02:36]} 12. gxf3 {[%clk 0:02:31]} Ke7 {[%clk 0:02:16]} 13. h4
{[%clk 0:02:32]} h5 {[%clk 0:02:17]} 14. Rhg1 {[%clk 0:02:33]} g6
{[%clk 0:02:18]} 15. b4 {[%clk 0:02:27]} d6 {[%clk 0:01:58]} 16. Rg5
{[%clk 0:02:18]} Nd7 {[%clk 0:01:56]} 17. a4 {[%clk 0:02:18]} c5 {[%clk 0:01:47]}
18. Kc3 {[%clk 0:01:34]} cxd4+ {[%clk 0:01:24]} 19. Kxd4 {[%clk 0:01:34]} Ne5
{[%clk 0:01:23]} 20. Be2 {[%clk 0:01:24]} a5 {[%clk 0:01:16]} 21. bxa5
{[%clk 0:01:22]} Rxa5 {[%clk 0:01:16]} 22. f4 {[%clk 0:01:21]} Nc6+
{[%clk 0:01:15]} 23. Kc3 {[%clk 0:01:22]} Rc8 {[%clk 0:01:11]} 24. Rb5
{[%clk 0:01:16]} Ra6 {[%clk 0:01:04]} 25. Kb3 {[%clk 0:01:01]} Na5+
{[%clk 0:00:59]} 26. Kb4 {[%clk 0:00:59]} Nb7 {[%clk 0:00:55]} 27. Bd3
{[%clk 0:00:51]} Rc7 {[%clk 0:00:52]} 28. Be4 {[%clk 0:00:49]} Na5
{[%clk 0:00:39]} 29. Rc1 {[%clk 0:00:42]} Rca7 {[%clk 0:00:34]} 30. Ra1
{[%clk 0:00:42]} Kd7 {[%clk 0:00:35]} 31. Bf3 {[%clk 0:00:38]} Kc7
{[%clk 0:00:34]} 32. Ra3 {[%clk 0:00:37]} Kd7 {[%clk 0:00:18]} 33. Be4
{[%clk 0:00:38]} Rc7 {[%clk 0:00:18]} 34. Rc3 {[%clk 0:00:38]} Rc8
{[%clk 0:00:10]} 35. Bf3 {[%clk 0:00:38]} Kc7 {[%clk 0:00:10]} 36. Be4
{[%clk 0:00:38]} Rd8 {[%clk 0:00:11]} 37. Bf3 {[%clk 0:00:38]} Nc6+
{[%clk 0:00:06]} 38. Bxc6 {[%clk 0:00:39]} Kxc6 {[%clk 0:00:07]} 39. Rd3
{[%clk 0:00:39]} Rda8 {[%clk 0:00:08]} 40. Ra3 {[%clk 0:00:40]} Ra5
{[%clk 0:00:09]} 41. Ra2 {[%clk 0:00:37]} R8a7 {[%clk 0:00:06]} 42. Ra3
{[%clk 0:00:38]} Ra8 {[%clk 0:00:06]} 43. Ra1 {[%clk 0:00:39]} Rc8
{[%clk 0:00:04]} 44. Rd1 {[%clk 0:00:40]} Ra7 {[%clk 0:00:05]} 45. Rd2
{[%clk 0:00:40]} Rg8 {[%clk 0:00:05]} 46. Rd1 {[%clk 0:00:40]} f6
{[%clk 0:00:05]} 47. Rg1 {[%clk 0:00:40]} Rga8 {[%clk 0:00:04]} 48. Rxg6
{[%clk 0:00:39]} Rxa4+ {[%clk 0:00:06]} 49. Kc3 {[%clk 0:00:40]} Ra3+
{[%clk 0:00:07]} 50. Kd4 {[%clk 0:00:32]} e5+ {[%clk 0:00:07]} 51. Ke4
{[%clk 0:00:32]} R8a4 {[%clk 0:00:08]} 52. Rb2 {[%clk 0:00:29]} Rxc4+
{[%clk 0:00:09]} 53. Kf3 {[%clk 0:00:17]} exf4 {[%clk 0:00:10]} 54. Rxf6
{[%clk 0:00:18]} fxe3 {[%clk 0:00:11]} 55. fxe3 {[%clk 0:00:19]} Rxh4
{[%clk 0:00:12]} 56. Rd2 {[%clk 0:00:14]} Rh3+ {[%clk 0:00:12]} 57. Kg2
{[%clk 0:00:14]} Rhxe3 {[%clk 0:00:10]} 58. Rdxd6+ {[%clk 0:00:16]} Kc5
{[%clk 0:00:11]} 59. Rc6+ {[%clk 0:00:16]} Kd5 {[%clk 0:00:12]} 60. Rfd6+
{[%clk 0:00:17]} Ke5 {[%clk 0:00:11]} 61. Re6+ {[%clk 0:00:18]} Kf4
{[%clk 0:00:12]} 62. Rxe3 {[%clk 0:00:18]} Ke5 1/2-1/2

[Event "Team Championship Russia (Blitz, Men)"]
[Site "Sochi"]
[Date "2018.10.10"]
[Round "11.16"]
[White "Gogolev, Artem"]
[Black "Romanov, Evgeny"]
[Result "0-1"]
[BlackElo "2523"]
[WhiteElo "2360"]
[LiveChessVersion "1.4.8"]

1. Nf3 {[%clk 0:03:02]} Nf6 {[%clk 0:03:03]} 2. g3 {[%clk 0:03:03]} b6
{[%clk 0:03:04]} 3. Bg2 {[%clk 0:03:03]} Bb7 {[%clk 0:03:05]} 4. O-O
{[%clk 0:03:03]} g6 {[%clk 0:03:07]} 5. b3 {[%clk 0:03:04]} Bg7 {[%clk 0:03:08]}
6. Bb2 {[%clk 0:03:05]} O-O {[%clk 0:03:09]} 7. c4 {[%clk 0:03:06]} e6
{[%clk 0:03:10]} 8. e3 {[%clk 0:02:57]} d5 {[%clk 0:03:10]} 9. cxd5
{[%clk 0:02:57]} exd5 {[%clk 0:03:12]} 10. Nc3 {[%clk 0:02:55]} Re8
{[%clk 0:03:12]} 11. Qc2 {[%clk 0:02:55]} a6 {[%clk 0:03:06]} 12. Rac1
{[%clk 0:02:53]} Nbd7 {[%clk 0:03:07]} 13. a3 {[%clk 0:02:34]} c5
{[%clk 0:03:04]} 14. d4 {[%clk 0:02:33]} Rc8 {[%clk 0:03:03]} 15. dxc5
{[%clk 0:02:33]} bxc5 {[%clk 0:03:04]} 16. b4 {[%clk 0:02:26]} d4
{[%clk 0:02:45]} 17. exd4 {[%clk 0:02:08]} Bxf3 {[%clk 0:02:45]} 18. dxc5
{[%clk 0:01:49]} Bxg2 {[%clk 0:02:46]} 19. Kxg2 {[%clk 0:01:50]} Qc7
{[%clk 0:02:44]} 20. Rfd1 {[%clk 0:01:39]} Qc6+ {[%clk 0:02:43]} 21. Kg1
{[%clk 0:01:28]} Ne5 {[%clk 0:02:44]} 22. Rd6 {[%clk 0:01:17]} Nf3+
{[%clk 0:02:42]} 23. Kf1 {[%clk 0:01:10]} Nxh2+ {[%clk 0:02:42]} 24. Kg1
{[%clk 0:01:10]} Nf3+ {[%clk 0:02:41]} 25. Kf1 {[%clk 0:01:11]} Qb7
{[%clk 0:02:35]} 26. Rcd1 {[%clk 0:00:44]} Ne1 {[%clk 0:01:59]} 0-1

[Event "Team Championship Russia (Blitz, Men)"]
[Site "Sochi"]
[Date "2018.10.10"]
[Round "11.17"]
[White "Sychev, Klementy"]
[Black "Artemiev, Vladislav"]
[Result "0-1"]
[BlackElo "2849"]
[WhiteElo "2638"]
[LiveChessVersion "1.4.8"]

1. e4 {[%clk 0:03:03]} c6 {[%clk 0:02:59]} 2. d4 {[%clk 0:03:04]} d5
{[%clk 0:03:01]} 3. Nd2 {[%clk 0:03:05]} dxe4 {[%clk 0:03:00]} 4. Nxe4
{[%clk 0:03:06]} Bf5 {[%clk 0:03:01]} 5. Ng3 {[%clk 0:03:07]} Bg6
{[%clk 0:03:02]} 6. c3 {[%clk 0:03:09]} Nf6 {[%clk 0:02:59]} 7. h4
{[%clk 0:03:09]} h6 {[%clk 0:02:58]} 8. Nh3 {[%clk 0:03:10]} e6 {[%clk 0:02:56]}
9. Nf4 {[%clk 0:03:11]} Bh7 {[%clk 0:02:57]} 10. Nfh5 {[%clk 0:03:05]} Nbd7
{[%clk 0:02:42]} 11. Bc4 {[%clk 0:03:06]} Rg8 {[%clk 0:02:27]} 12. Qf3
{[%clk 0:02:46]} Bd6 {[%clk 0:02:24]} 13. Bf4 {[%clk 0:02:37]} Bxf4
{[%clk 0:02:13]} 14. Qxf4 {[%clk 0:02:36]} Qa5 {[%clk 0:01:34]} 15. Nxf6+
{[%clk 0:02:33]} Nxf6 {[%clk 0:01:35]} 16. O-O {[%clk 0:02:17]} O-O-O
{[%clk 0:01:35]} 17. Rfe1 {[%clk 0:02:12]} Qc7 {[%clk 0:01:33]} 18. Qf3
{[%clk 0:01:32]} Ne8 {[%clk 0:01:34]} 19. Re5 {[%clk 0:01:26]} Nd6
{[%clk 0:01:35]} 20. Bd3 {[%clk 0:01:24]} Bxd3 {[%clk 0:01:34]} 21. Qxd3
{[%clk 0:01:25]} Ne8 {[%clk 0:01:20]} 22. Rae1 {[%clk 0:01:24]} Nf6
{[%clk 0:01:20]} 23. Qf3 {[%clk 0:01:00]} Rd5 {[%clk 0:01:21]} 24. Nh5
{[%clk 0:00:47]} Ne8 {[%clk 0:00:41]} 25. Nf4 {[%clk 0:00:47]} Rd7
{[%clk 0:00:37]} 26. b4 {[%clk 0:00:47]} Nd6 {[%clk 0:00:38]} 27. a4
{[%clk 0:00:44]} Nc4 {[%clk 0:00:14]} 28. Rc5 {[%clk 0:00:28]} Nb6
{[%clk 0:00:15]} 29. a5 {[%clk 0:00:28]} Nd5 {[%clk 0:00:16]} 30. Nxd5
{[%clk 0:00:27]} Rxd5 {[%clk 0:00:17]} 31. a6 {[%clk 0:00:19]} b6
{[%clk 0:00:17]} 32. Rxd5 {[%clk 0:00:17]} cxd5 {[%clk 0:00:18]} 33. Re3
{[%clk 0:00:17]} Kb8 {[%clk 0:00:10]} 34. h5 {[%clk 0:00:15]} Qd7
{[%clk 0:00:06]} 35. Qf4+ {[%clk 0:00:14]} Qc7 {[%clk 0:00:05]} 36. Qf3
{[%clk 0:00:14]} Qd7 {[%clk 0:00:05]} 37. Qg4 {[%clk 0:00:12]} Kc8
{[%clk 0:00:05]} 38. Rf3 {[%clk 0:00:09]} Qe7 {[%clk 0:00:06]} 39. c4
{[%clk 0:00:08]} dxc4 40. Qe4 Kb8 {[%clk 0:00:04]} 41. d5 {[%clk 0:00:08]} Rc8
{[%clk 0:00:04]} 42. d6 {[%clk 0:00:06]} Qd7 {[%clk 0:00:06]} 43. Qe5
{[%clk 0:00:04]} f6 {[%clk 0:00:06]} 44. Qd4 {[%clk 0:00:04]} b5 {[%clk 0:00:06]}
45. Rg3 {[%clk 0:00:04]} Rc6 {[%clk 0:00:07]} 46. Qe4 {[%clk 0:00:04]} Rxd6
{[%clk 0:00:07]} 47. Qh7 {[%clk 0:00:05]} Rd1+ {[%clk 0:00:06]} 48. Kh2
{[%clk 0:00:06]} Rd5 {[%clk 0:00:05]} 49. Rxg7 {[%clk 0:00:07]} Rxh5+
{[%clk 0:00:06]} 50. Kg3 {[%clk 0:00:08]} Rg5+ {[%clk 0:00:07]} 51. Kh4
{[%clk 0:00:04]} Qxg7 {[%clk 0:00:07]} 0-1

[Event "Team Championship Russia (Blitz, Men)"]
[Site "Sochi"]
[Date "2018.10.10"]
[Round "11.19"]
[White "Afanasiev, Nikita"]
[Black "Timofeev, Artyom"]
[Result "1/2-1/2"]
[BlackElo "2610"]
[WhiteElo "2543"]
[LiveChessVersion "1.4.8"]

1. d4 {[%clk 0:03:02]} Nf6 {[%clk 0:03:03]} 2. c4 {[%clk 0:03:03]} g6
{[%clk 0:03:04]} 3. Nf3 {[%clk 0:03:04]} Bg7 {[%clk 0:03:05]} 4. g3
{[%clk 0:03:04]} c5 {[%clk 0:03:06]} 5. Bg2 {[%clk 0:03:03]} cxd4
{[%clk 0:03:06]} 6. Nxd4 {[%clk 0:03:04]} Nc6 {[%clk 0:03:07]} 7. O-O
{[%clk 0:03:03]} O-O {[%clk 0:03:08]} 8. Nc3 {[%clk 0:03:04]} Qa5
{[%clk 0:03:09]} 9. Nc2 {[%clk 0:02:56]} d6 {[%clk 0:03:07]} 10. h3
{[%clk 0:02:52]} Bd7 {[%clk 0:02:59]} 11. Bd2 {[%clk 0:02:44]} Qh5
{[%clk 0:02:45]} 12. e4 {[%clk 0:02:41]} Qxd1 {[%clk 0:02:45]} 13. Rfxd1
{[%clk 0:02:29]} a6 {[%clk 0:02:45]} 14. Nd5 {[%clk 0:02:09]} Nxd5
{[%clk 0:02:40]} 15. cxd5 {[%clk 0:01:53]} Ne5 {[%clk 0:02:36]} 16. Bc3
{[%clk 0:01:41]} Rac8 {[%clk 0:02:28]} 17. Ne3 {[%clk 0:01:41]} Nc4
{[%clk 0:02:27]} 18. Bxg7 {[%clk 0:01:15]} Kxg7 {[%clk 0:02:25]} 19. Nxc4
{[%clk 0:01:15]} Rxc4 {[%clk 0:02:26]} 20. Rd2 {[%clk 0:01:01]} Rfc8
{[%clk 0:02:25]} 21. f4 {[%clk 0:01:01]} a5 {[%clk 0:01:41]} 22. Kf2
{[%clk 0:01:00]} h5 {[%clk 0:01:42]} 23. h4 {[%clk 0:01:00]} b5 {[%clk 0:01:40]}
24. a3 {[%clk 0:00:54]} Rc1 {[%clk 0:01:33]} 25. Rxc1 {[%clk 0:00:45]} Rxc1
{[%clk 0:01:34]} 26. Bf1 {[%clk 0:00:46]} b4 {[%clk 0:01:26]} 27. axb4
{[%clk 0:00:21]} axb4 {[%clk 0:01:27]} 28. b3 {[%clk 0:00:20]} Bg4
{[%clk 0:00:54]} 29. Rd4 {[%clk 0:00:05]} Rc2+ {[%clk 0:00:44]} 30. Ke3
{[%clk 0:00:06]} Rc3+ {[%clk 0:00:43]} 31. Rd3 {[%clk 0:00:07]} Rc1
{[%clk 0:00:43]} 32. Kf2 {[%clk 0:00:06]} Rb1 {[%clk 0:00:32]} 33. e5
{[%clk 0:00:06]} Rb2+ {[%clk 0:00:19]} 34. Ke1 {[%clk 0:00:06]} Bf5
{[%clk 0:00:18]} 35. Re3 {[%clk 0:00:07]} Rb1+ {[%clk 0:00:13]} 36. Kf2
{[%clk 0:00:08]} Rb2+ {[%clk 0:00:14]} 37. Ke1 {[%clk 0:00:08]} Rb1+
{[%clk 0:00:13]} 38. Kf2 {[%clk 0:00:10]} Rb2+ {[%clk 0:00:13]} 39. Ke1
{[%clk 0:00:11]} Kf8 {[%clk 0:00:13]} 40. Bb5 {[%clk 0:00:08]} Rb1+
{[%clk 0:00:08]} 41. Kd2 {[%clk 0:00:09]} Rb2+ {[%clk 0:00:09]} 42. Ke1
{[%clk 0:00:09]} Rb1+ {[%clk 0:00:08]} 43. Kd2 {[%clk 0:00:11]} Rb2+
{[%clk 0:00:10]} 44. Ke1 {[%clk 0:00:12]} Rb1+ {[%clk 0:00:11]} 45. Kd2
{[%clk 0:00:13]} Rb2+ {[%clk 0:00:11]} 46. Ke1 {[%clk 0:00:14]} Rb1+ 1/2-1/2

[Event "Team Championship Russia (Blitz, Men)"]
[Site "Sochi"]
[Date "2018.10.10"]
[Round "11.20"]
[White "Sharafiev, Azat"]
[Black "Apryshko, Gleb"]
[Result "1-0"]
[BlackElo "2440"]
[WhiteElo "2435"]
[LiveChessVersion "1.4.8"]

1. e4 {[%clk 0:03:03]} g6 {[%clk 0:03:04]} 2. d4 {[%clk 0:03:02]} Bg7
{[%clk 0:03:06]} 3. Nf3 {[%clk 0:02:58]} d6 {[%clk 0:03:07]} 4. Bc4
{[%clk 0:02:55]} e6 {[%clk 0:03:08]} 5. O-O {[%clk 0:02:51]} a6 {[%clk 0:03:10]}
6. c3 {[%clk 0:02:48]} Nd7 {[%clk 0:03:11]} 7. Re1 {[%clk 0:02:46]} Ne7
{[%clk 0:03:13]} 8. Bf4 {[%clk 0:02:35]} h6 {[%clk 0:02:52]} 9. e5
{[%clk 0:02:18]} b5 {[%clk 0:02:53]} 10. Bb3 Nb6 11. exd6 {[%clk 0:01:55]} cxd6
{[%clk 0:02:56]} 12. h3 {[%clk 0:01:48]} Bb7 {[%clk 0:02:58]} 13. Nbd2
{[%clk 0:01:47]} Rc8 {[%clk 0:01:48]} 14. Ne4 {[%clk 0:01:43]} Rc6
{[%clk 0:01:50]} 15. a4 {[%clk 0:01:35]} bxa4 {[%clk 0:01:39]} 16. Rxa4
{[%clk 0:01:35]} O-O {[%clk 0:01:30]} 17. Ra2 {[%clk 0:01:34]} Ned5
{[%clk 0:01:26]} 18. Bh2 {[%clk 0:01:31]} f5 {[%clk 0:01:22]} 19. Ned2 Qf6 20.
Qe2 {[%clk 0:01:17]} Re8 {[%clk 0:01:16]} 21. Nc4 {[%clk 0:01:14]} Nxc4
{[%clk 0:01:14]} 22. Bxc4 {[%clk 0:01:14]} Nc7 {[%clk 0:01:07]} 23. Bb3
{[%clk 0:00:55]} Rb6 {[%clk 0:01:04]} 24. Nd2 {[%clk 0:00:53]} Kh7
{[%clk 0:00:51]} 25. Ba4 {[%clk 0:00:53]} Bc6 {[%clk 0:00:46]} 26. Nc4 Bxa4
{[%clk 0:00:32]} 27. Rxa4 {[%clk 0:00:53]} Rb3 {[%clk 0:00:26]} 28. Nxd6
{[%clk 0:00:52]} Reb8 {[%clk 0:00:22]} 29. Nc4 {[%clk 0:00:40]} f4
{[%clk 0:00:24]} 30. Qe4 {[%clk 0:00:33]} Qg5 {[%clk 0:00:04]} 31. Bxf4
{[%clk 0:00:31]} Qb5 {[%clk 0:00:05]} 32. Ra5 {[%clk 0:00:20]} Qxc4
{[%clk 0:00:05]} 33. Rc5 {[%clk 0:00:21]} Qa4 {[%clk 0:00:03]} 34. Rxc7
{[%clk 0:00:20]} Rxb2 35. Qxe6 {[%clk 0:00:15]} Rb1 {[%clk 0:00:03]} 36. Rxg7+
{[%clk 0:00:15]} Kxg7 {[%clk 0:00:04]} 37. Be5+ {[%clk 0:00:14]} Kf8
{[%clk 0:00:03]} 38. Bd6+ {[%clk 0:00:11]} Kg7 {[%clk 0:00:05]} 39. Bxb8
{[%clk 0:00:11]} Rxb8 {[%clk 0:00:04]} 40. Qe5+ {[%clk 0:00:12]} 1-0

[Event "Team Championship Russia (Blitz, Men)"]
[Site "Sochi"]
[Date "2018.10.10"]
[Round "11.21"]
[White "Triapishko, Alexandr"]
[Black "Potapov, Pavel"]
[Result "1/2-1/2"]
[BlackElo "2459"]
[WhiteElo "2560"]
[LiveChessVersion "1.4.8"]

1. Nf3 {[%clk 0:03:02]} f5 {[%clk 0:03:03]} 2. g3 {[%clk 0:02:55]} Nf6
{[%clk 0:03:04]} 3. Bg2 {[%clk 0:02:57]} g6 {[%clk 0:03:04]} 4. b3
{[%clk 0:02:57]} Bg7 {[%clk 0:03:04]} 5. Bb2 {[%clk 0:02:58]} d6 {[%clk 0:03:05]}
6. d4 {[%clk 0:02:57]} O-O {[%clk 0:03:05]} 7. O-O {[%clk 0:02:58]} Ne4
{[%clk 0:03:06]} 8. c4 {[%clk 0:02:49]} Nc6 {[%clk 0:03:04]} 9. Nc3
{[%clk 0:02:45]} Nxc3 {[%clk 0:02:53]} 10. Bxc3 {[%clk 0:02:46]} e5
{[%clk 0:02:53]} 11. dxe5 {[%clk 0:02:25]} dxe5 {[%clk 0:02:54]} 12. Qd5+
{[%clk 0:02:13]} Kh8 {[%clk 0:02:55]} 13. Qxd8 {[%clk 0:01:56]} Rxd8
{[%clk 0:02:55]} 14. Rad1 {[%clk 0:01:49]} Be6 {[%clk 0:01:15]} 15. Ng5
{[%clk 0:01:09]} Bg8 {[%clk 0:01:16]} 16. Bxc6 {[%clk 0:01:08]} bxc6
{[%clk 0:01:17]} 17. Nf3 {[%clk 0:00:59]} e4 {[%clk 0:01:17]} 18. Bxg7+
{[%clk 0:00:54]} Kxg7 {[%clk 0:01:18]} 19. Ne5 {[%clk 0:00:52]} Rd6
{[%clk 0:00:48]} 20. Rxd6 {[%clk 0:00:52]} cxd6 {[%clk 0:00:49]} 21. Nxc6
{[%clk 0:00:53]} d5 {[%clk 0:00:46]} 22. cxd5 {[%clk 0:00:20]} Bxd5
{[%clk 0:00:47]} 23. Nb4 {[%clk 0:00:21]} Be6 {[%clk 0:00:47]} 24. Rc1
{[%clk 0:00:11]} a5 {[%clk 0:00:45]} 25. Nc6 {[%clk 0:00:09]} a4 {[%clk 0:00:36]}
26. Nd4 {[%clk 0:00:07]} Bf7 {[%clk 0:00:36]} 27. e3 {[%clk 0:00:08]} Rb8
{[%clk 0:00:17]} 28. Rc3 {[%clk 0:00:08]} axb3 {[%clk 0:00:13]} 29. axb3
{[%clk 0:00:10]} Ra8 {[%clk 0:00:14]} 30. Kg2 {[%clk 0:00:11]} Ra1
{[%clk 0:00:13]} 31. h3 {[%clk 0:00:10]} Rb1 {[%clk 0:00:13]} 32. g4
{[%clk 0:00:09]} fxg4 {[%clk 0:00:11]} 33. hxg4 {[%clk 0:00:10]} h5
{[%clk 0:00:11]} 34. gxh5 {[%clk 0:00:05]} gxh5 {[%clk 0:00:13]} 35. Rc6
{[%clk 0:00:04]} Bxb3 {[%clk 0:00:11]} 36. Rb6 {[%clk 0:00:04]} Ba2
{[%clk 0:00:12]} 37. Nf5+ {[%clk 0:00:05]} Kf7 {[%clk 0:00:09]} 38. Nd6+
{[%clk 0:00:06]} Ke7 {[%clk 0:00:09]} 39. Rxb1 {[%clk 0:00:03]} Bxb1
{[%clk 0:00:10]} 40. Nf5+ {[%clk 0:00:05]} Kf6 {[%clk 0:00:10]} 41. Nh4
{[%clk 0:00:05]} Kg5 42. Kg3 1/2-1/2

[Event "Team Championship Russia (Blitz, Men)"]
[Site "Sochi"]
[Date "2018.10.10"]
[Round "11.23"]
[White "Derjabin, Ilja"]
[Black "Belyakov, Bogdan"]
[Result "1/2-1/2"]
[BlackElo "2464"]
[WhiteElo "2356"]
[LiveChessVersion "1.4.8"]

1. Nf3 {[%clk 0:03:03]} Nf6 {[%clk 0:03:04]} 2. g3 {[%clk 0:03:04]} g6
{[%clk 0:03:05]} 3. Bg2 {[%clk 0:03:06]} Bg7 {[%clk 0:03:06]} 4. O-O
{[%clk 0:03:06]} O-O {[%clk 0:03:07]} 5. d3 {[%clk 0:03:08]} c5 {[%clk 0:03:04]}
6. e4 {[%clk 0:03:09]} d6 {[%clk 0:03:04]} 7. Re1 {[%clk 0:03:10]} Nc6
{[%clk 0:03:04]} 8. Nbd2 {[%clk 0:03:10]} e5 {[%clk 0:03:02]} 9. c3
{[%clk 0:03:08]} Rb8 {[%clk 0:03:02]} 10. a4 {[%clk 0:03:04]} a6 {[%clk 0:03:02]}
11. c4 {[%clk 0:02:49]} h6 {[%clk 0:02:56]} 12. Nf1 {[%clk 0:02:38]} b5
{[%clk 0:02:56]} 13. axb5 {[%clk 0:02:38]} axb5 {[%clk 0:02:57]} 14. cxb5
{[%clk 0:02:37]} Rxb5 {[%clk 0:02:58]} 15. Ne3 {[%clk 0:02:38]} Be6
{[%clk 0:02:53]} 16. Nc4 {[%clk 0:02:37]} Nd4 {[%clk 0:02:16]} 17. Nxd4
{[%clk 0:02:34]} exd4 {[%clk 0:02:17]} 18. Ra6 {[%clk 0:02:19]} Bxc4
{[%clk 0:02:16]} 19. dxc4 {[%clk 0:02:20]} Rb4 {[%clk 0:02:17]} 20. Bf4
{[%clk 0:02:08]} Ne8 {[%clk 0:02:16]} 21. e5 {[%clk 0:01:49]} dxe5
{[%clk 0:02:04]} 22. Bxe5 {[%clk 0:01:50]} Rxb2 {[%clk 0:01:53]} 23. Bd5
{[%clk 0:01:47]} Kh7 {[%clk 0:01:43]} 24. Qf3 {[%clk 0:01:42]} Bxe5
{[%clk 0:01:23]} 25. Rxe5 {[%clk 0:01:43]} Qc7 {[%clk 0:01:24]} 26. Rxe8
{[%clk 0:01:25]} Rxe8 {[%clk 0:01:24]} 27. Bxf7 {[%clk 0:01:26]} Re1+ 28. Kg2 Rb6
{[%clk 0:01:17]} 29. Ra8 {[%clk 0:00:48]} Rb8 {[%clk 0:01:16]} 30. Ra6
{[%clk 0:00:48]} Rb6 {[%clk 0:01:13]} 31. Ra8 {[%clk 0:00:49]} Rb8
{[%clk 0:01:00]} 32. Ra6 {[%clk 0:00:50]} Rb6 {[%clk 0:01:01]} 1/2-1/2

[Event "Team Championship Russia (Blitz, Men)"]
[Site "Sochi"]
[Date "2018.10.10"]
[Round "11.24"]
[White "Savitskiy, Sergey"]
[Black "Kurbedinov, Ramis"]
[Result "1-0"]
[BlackElo "2229"]
[WhiteElo "2283"]
[LiveChessVersion "1.4.8"]

1. e4 {[%clk 0:03:03]} g6 {[%clk 0:03:04]} 2. Nc3 {[%clk 0:03:03]} Bg7
{[%clk 0:03:05]} 3. h4 {[%clk 0:03:05]} h5 {[%clk 0:03:03]} 4. Bc4
{[%clk 0:03:06]} d6 {[%clk 0:02:57]} 5. d3 {[%clk 0:03:07]} Nf6 {[%clk 0:02:52]}
6. Bg5 {[%clk 0:03:07]} c6 {[%clk 0:02:46]} 7. a3 {[%clk 0:03:02]} Nbd7
{[%clk 0:02:42]} 8. Nge2 {[%clk 0:03:00]} b5 {[%clk 0:02:40]} 9. Ba2
{[%clk 0:03:01]} Bb7 {[%clk 0:02:33]} 10. Qd2 {[%clk 0:03:03]} Qc7
{[%clk 0:02:26]} 11. f3 {[%clk 0:03:00]} e6 {[%clk 0:02:21]} 12. d4
{[%clk 0:02:57]} a6 {[%clk 0:02:11]} 13. O-O-O {[%clk 0:02:56]} Nh7
{[%clk 0:01:54]} 14. Be3 {[%clk 0:02:53]} O-O-O {[%clk 0:01:52]} 15. Kb1
{[%clk 0:02:34]} e5 {[%clk 0:01:50]} 16. Bxf7 {[%clk 0:02:23]} exd4
{[%clk 0:01:48]} 17. Nxd4 {[%clk 0:02:21]} Ne5 {[%clk 0:01:44]} 18. Ba2
{[%clk 0:02:18]} Nf8 {[%clk 0:01:39]} 19. Bg5 {[%clk 0:02:16]} Re8
{[%clk 0:01:35]} 20. Nde2 {[%clk 0:02:17]} Ne6 {[%clk 0:01:20]} 21. Qxd6
{[%clk 0:02:12]} Qxd6 {[%clk 0:01:20]} 22. Rxd6 {[%clk 0:02:12]} Nxg5
{[%clk 0:01:21]} 23. hxg5 {[%clk 0:02:14]} Kc7 {[%clk 0:01:15]} 24. Rhd1
{[%clk 0:02:15]} Bf8 {[%clk 0:00:52]} 25. R6d2 {[%clk 0:02:05]} Bc8
{[%clk 0:00:43]} 26. f4 {[%clk 0:02:05]} Ng4 {[%clk 0:00:41]} 27. Bf7
{[%clk 0:02:01]} Re7 {[%clk 0:00:42]} 28. Bxg6 {[%clk 0:02:01]} Ne3
{[%clk 0:00:38]} 29. Rh1 {[%clk 0:01:47]} Bg4 {[%clk 0:00:20]} 30. Ng3
{[%clk 0:01:34]} h4 {[%clk 0:00:13]} 31. Nf5 {[%clk 0:01:30]} Nxf5
{[%clk 0:00:12]} 32. exf5 {[%clk 0:01:29]} Re3 {[%clk 0:00:06]} 33. f6
{[%clk 0:01:22]} Bc5 {[%clk 0:00:03]} 34. Ne4 {[%clk 0:01:19]} Bb6 35. f7
{[%clk 0:01:10]} 1-0

[Event "Team Championship Russia (Blitz, Men)"]
[Site "Sochi"]
[Date "2018.10.10"]
[Round "11.28"]
[White "Truskavetsky, Alexandr"]
[Black "Pogromsky, Mikhail"]
[Result "0-1"]
[BlackElo "2462"]
[WhiteElo "2307"]
[LiveChessVersion "1.4.8"]

1. d4 {[%clk 0:03:03]} Nf6 {[%clk 0:03:02]} 2. c4 e6 3. g3 {[%clk 0:03:05]} d5
{[%clk 0:03:04]} 4. Nf3 {[%clk 0:03:06]} g6 {[%clk 0:03:05]} 5. Bg2
{[%clk 0:03:06]} Bg7 {[%clk 0:03:06]} 6. O-O {[%clk 0:03:07]} O-O
{[%clk 0:03:07]} 7. Nc3 {[%clk 0:03:04]} Nc6 {[%clk 0:03:03]} 8. cxd5
{[%clk 0:02:57]} exd5 {[%clk 0:03:02]} 9. Ne5 {[%clk 0:02:51]} Ne7
{[%clk 0:03:02]} 10. Bf4 {[%clk 0:02:43]} c6 {[%clk 0:03:01]} 11. b4
{[%clk 0:02:35]} a6 {[%clk 0:02:45]} 12. a4 {[%clk 0:02:33]} Nf5 {[%clk 0:02:42]}
13. h4 {[%clk 0:02:14]} Bd7 {[%clk 0:02:12]} 14. Qd2 {[%clk 0:02:07]} Nd6
{[%clk 0:02:02]} 15. Bh6 {[%clk 0:02:04]} Re8 {[%clk 0:02:01]} 16. Bxg7
{[%clk 0:02:04]} Kxg7 {[%clk 0:02:02]} 17. e3 {[%clk 0:02:04]} b5
{[%clk 0:01:55]} 18. Nd3 {[%clk 0:01:44]} Nc4 {[%clk 0:01:54]} 19. Qe2
{[%clk 0:01:42]} Bg4 {[%clk 0:01:53]} 20. Qa2 {[%clk 0:01:38]} Qd7
{[%clk 0:01:36]} 21. Nc5 {[%clk 0:01:30]} Qf5 {[%clk 0:01:36]} 22. Rfe1
{[%clk 0:00:55]} Bf3 {[%clk 0:01:25]} 23. Bxf3 {[%clk 0:00:41]} Qxf3
{[%clk 0:01:26]} 24. Qe2 {[%clk 0:00:41]} Qf5 {[%clk 0:01:26]} 25. Kg2
{[%clk 0:00:40]} a5 {[%clk 0:00:43]} 26. bxa5 {[%clk 0:00:18]} b4
{[%clk 0:00:44]} 27. Nb1 {[%clk 0:00:19]} Rxa5 {[%clk 0:00:42]} 28. Nd2
{[%clk 0:00:20]} Nxd2 {[%clk 0:00:31]} 29. Qxd2 {[%clk 0:00:21]} Rb8
{[%clk 0:00:24]} 30. Nb3 {[%clk 0:00:16]} Ne4 {[%clk 0:00:21]} 31. Qc2
{[%clk 0:00:14]} Ra6 {[%clk 0:00:21]} 32. f3 {[%clk 0:00:10]} Nc3
{[%clk 0:00:14]} 33. Qxf5 {[%clk 0:00:10]} gxf5 {[%clk 0:00:16]} 34. a5
{[%clk 0:00:09]} Rb5 {[%clk 0:00:11]} 35. Kf2 {[%clk 0:00:10]} Kf6
{[%clk 0:00:08]} 36. Rg1 {[%clk 0:00:10]} h5 {[%clk 0:00:09]} 37. Rgc1
{[%clk 0:00:10]} Ke7 {[%clk 0:00:10]} 38. Ke1 {[%clk 0:00:11]} Kd6
{[%clk 0:00:10]} 39. Kd2 {[%clk 0:00:13]} Ke7 40. Kd3 Kd6 {[%clk 0:00:13]} 41.
Rg1 {[%clk 0:00:15]} Ke7 {[%clk 0:00:14]} 42. g4 {[%clk 0:00:16]} fxg4
{[%clk 0:00:14]} 43. fxg4 {[%clk 0:00:17]} hxg4 {[%clk 0:00:16]} 44. Rxg4
{[%clk 0:00:16]} Ne4 {[%clk 0:00:16]} 45. h5 {[%clk 0:00:17]} Nf2+
{[%clk 0:00:18]} 46. Ke2 {[%clk 0:00:17]} Nxg4 47. Rg1 {[%clk 0:00:11]} Nf6
{[%clk 0:00:19]} 48. h6 {[%clk 0:00:12]} Rbxa5 {[%clk 0:00:18]} 0-1